| 000 | 00455nam a22001817a 4500 | ||
|---|---|---|---|
| 005 | 20231010123301.0 | ||
| 008 | 231006b |||||||| |||| 00| 0 eng d | ||
| 082 |
_a657 _bJAV |
||
| 100 | _aJaveed Akhtar | ||
| 245 | _aKey to Basic Accounting : I.COM & B.COM (Part-1) | ||
| 260 |
_aPakistan _bStandard Book centre |
||
| 300 | _a316 | ||
| 500 | _aInclude Index | ||
| 505 | _aKEY BOOK | ||
| 650 | _aACCOUNTING | ||
| 700 | _aJaveed Akhtar | ||
| 999 |
_c33795 _d33795 |
||